000 00326nam a2200133Ia 4500
005 20251222155053.0
008 251222s9999||||xx |||||||||||||| ||spa||
082 _aMEQ.243.1-2/Ej.2
100 _aURDEN Lough.
245 0 _aCuidados intensivos en enfermería 2 Vol.
250 _a3ra. ed.
264 _bOceano
942 _cLIB
999 _c37352
_d37352